Statistiques concernant Personnages Mario 4/5

Cliquez ici pour prendre le quiz!

Statistiques générales

  • Ce quiz a été pris 30 fois
  • Le résultat moyen est 11 sur 18

Statistiques - réponses

DescriptionPersonnage% Correct
Même bombe, mais projetée sans parachuteBob-omb
96%
Roi des bombes (rajouter Roi devant la réponse précédente)Roi Bob-omb
96%
Petit bonhomme rouge, il porte un masque qui lui donne un air fantômeMaskass
92%
Fusée célèbre, elle dispose de mainsBill Balle
88%
Fleur rouge et blanche, elle sort d'un tuyauFlora Piranha
88%
Nouveau sbire de Bowser, c'est un boulet attaché à une chaîne qui dispose de longues dentsChomp
83%
Le même, mais en hélico (rajouter hélico devant la réponse précédenteHélico Maskass
83%
Chenille qui devient rouge quand elle est en colèreWiggler
83%
Poulet mécanique ressemblant légèrement à un KoopaMechakoopa
71%
Taupe avec de grand piedsTopi taupe
63%
Sbire de Bowser, c'est un bloc de pierre muni de piedsWhomp
63%
Méga fusée, on dirait un boulet de canonBill Bourin
50%
Bombe qui avance toute seule puis explose. Elle est projetée du ciel (avec un parachute)Parabomb
50%
Personnages composé de plusieurs boules jaunes avec des piquants cakiPokey
29%
Comme la précedente, elle crache du feu en plusPyro Piranha
21%
Petite boule noire muni d'une langue, de quatre dents et de deux yeuxFuzzy
13%
Sbire de Bowser, c'est un bloc de pierre muni de dents tout autour de luiThwomp
13%
Même taupe, mais en mécanicienTorti taupe
13%

Distribution des résultats

Percentile par nombre de réponses

% des personnes avec chaque résultat

Votre développement - résultats

Vous n’avez pas pris ce quiz